000 00623nam a2200217 a 4500
001 15583
003 CO-ViMGA
008 141112s2004 ck r 000 u spa d
020 _a9586832716
040 _aCO-ViMGA
_bspa
_cCO-ViMGA
082 0 4 _a323.042 T676e
100 1 _aToro Arango, Jose Bernardo
_922534
245 1 0 _aEl ciudadano y su papel en la construcción de lo social
260 _aBogotá,
_cCeja,
_c2000
300 _a44.p.
590 _aForma de adquisición : donación - - Precio : 10.000
650 1 4 _aCIUDADANIA
_922535
650 1 4 _aDEMOCRACIA
650 1 4 _aGRUPOS SOCIALES
_922536
942 _2ddc
_cBK
999 _c25799
_d25799